000 00419nam a22001217a 4500
082 _a200 THE
100 _aHafiza Misbah Younis
_969740
245 _aTH-SOF-1616-Modified Split Ring Resonator with Enhanced Permittivity Sensitivity
260 _aISLAMABAD
_bNUST COLLEGE OF EME
_c2019
650 _aMS-ELECT-2016 MSTHESIS ABSTRACT. A
_969741
700 _aSupervisor Dr. Syed Muhammad Tahir Zaidi
_969742
942 _cCF
999 _c576884
_d576884